Textbook of Community Health Nursing-I for GNM Nursing Students (Record no. 159460)

MARC details
000 -LEADER
fixed length control field 00423nam a2200145Ia 4500
008 - FIXED-LENGTH DATA ELEMENTS--GENERAL INFORMATION
fixed length control field 230519s9999 xx 000 0 und d
020 ## - INTERNATIONAL STANDARD BOOK NUMBER
International Standard Book Number 978-93-86827-17-3
041 ## - LANGUAGE CODE
Language code of text/sound track or separate title eng
082 ## - DEWEY DECIMAL CLASSIFICATION NUMBER
Classification number CH/610.7343/GIL/DB0847
100 ## - MAIN ENTRY--PERSONAL NAME
Personal name Gill KK
245 ## - TITLE STATEMENT
Title Textbook of Community Health Nursing-I for GNM Nursing Students
260 ## - PUBLICATION, DISTRIBUTION, ETC. (IMPRINT)
Name of publisher, distributor, etc. CBS Publishers & Distributors
Place of publication, distribution, etc. New Delhi
Date of publication, distribution, etc. 2018
300 ## - PHYSICAL DESCRIPTION
Extent 520
Holdings
Withdrawn status Lost status Damaged status Not for loan Collection code Home library Current library Date acquired Cost, normal purchase price Bill number Total Checkouts Total Renewals Full call number Barcode Date last seen Date last checked out Bill Date Koha item type Original Barcode
          Smt. Bakul Tambat Institute of Nursing Education Smt. Bakul Tambat Institute of Nursing Education 26/02/2021 525.00 1604 20 5 CH/610.7343/GIL/DB0847 BTIN-DB-847 29/09/2025 09/09/2025 25/02/2021 Donated Book DB0847